000 00410nam a2200169Ia 4500
008 230524s9999 xx 000 0 und d
020 _a8120326482
082 _a4.6
_bSIN
100 _aBrijendra Singh
_94592
245 0 _aData Communications and Computer Networks
250 _a2ND
260 _aNEW DELHI
_bPHI
_c2004
300 _a303
500 _aQuantity Number: 1
650 _aComp-Sc
942 _cBK
999 _c6726
_d6726